000 00558nam a2200193 4500
999 _c8571
_d8571
005 20190226111452.0
008 020517s1937 us 1 engYA
100 1 _aBarton, George A.
245 1 0 _aArchaeology and the Bible /
_cGeorge A. Barton.
260 _aPhiladelphia :
_bAmerican Sunday School Union,
_cc1920..
300 _a607 p. :
_bills., maps
336 _atext
337 _aunmediated
338 _avolume
504 _aIncludes index
650 4 _aBible
_xAntiquities.
650 4 _aBible
_xHistory of contemporary events.
942 _2lcc
_cBK